40 Jahre Aussenpolitik der Bundesrepublik Deutschland <Eine> Dokumentation

Salvato in:
Dettagli Bibliografici
Natura: Libro
Lingua:tedesco
Pubblicazione: Stuttgart Bonn Aktuell 1989
Edizione:1. Aufl.
Soggetti:
Tags: Aggiungi Tag
Nessun Tag, puoi essere il primo ad aggiungerne!!

MARC

LEADER 00000nam a2200000 4500
001 c000689
005 20221215125214.0
020 |a 3-87959-379-5 
041 0 |a ger 
044 |a DE 
245 1 0 |a 40 Jahre Aussenpolitik der Bundesrepublik Deutschland  |b <Eine> Dokumentation 
250 |a 1. Aufl. 
264 1 |a Stuttgart  |b Bonn Aktuell  |c 1989 
300 |a 797 s.  |e príl. mp. 
610 2 0 |a politika zahraničná 
610 2 0 |a Nemecko 
610 2 0 |a 1949-1989 
610 2 0 |a údaje štatistické 
610 2 0 |a diplomacia